<?xml version="1.0" encoding="UTF-8"?>
<marc:record xmlns:marc="http://www.loc.gov/MARC21/slim">
   <marc:leader>00000nam a2200000 a 4500</marc:leader>
   <marc:datafield ind1=" " ind2=" " tag="653">
      <marc:subfield code="a">Hausapotheke</marc:subfield>
   </marc:datafield>
   <marc:datafield ind1=" " ind2=" " tag="653">
      <marc:subfield code="a">Kunst</marc:subfield>
   </marc:datafield>
   <marc:datafield ind1="0" ind2="0" tag="245">
      <marc:subfield code="a">Welt der Frauen - Ausgabe 10/2024. - 10/2024</marc:subfield>
   </marc:datafield>
   <marc:datafield ind1=" " ind2="1" tag="264">
      <marc:subfield code="c">2024</marc:subfield>
   </marc:datafield>
   <marc:datafield ind1="1" ind2=" " tag="490">
      <marc:subfield code="a">Welt der Frauen</marc:subfield>
   </marc:datafield>
   <marc:datafield ind1="1" ind2=" " tag="520">
      <marc:subfield code="a">Kunst - weibliche Perspektiven
- Phänomen der Künstlermusen: Ein überholtes Konzept
- Agent Orange: Das Kriegsgift und seine Folgen
- Enthauptete Marienstatue: Ein Angriff auf die Weiblichkeit
- Hilfe, mein Kind wird gemobbt: Was Eltern tun können
Thema kompakt: Pflanzliche Hausapotheke</marc:subfield>
   </marc:datafield>
</marc:record>
